000 00632nam a2200229Ia 4500
999 _c5013
_d5013
003 GCL
005 20240530095218.0
008 140319s9999 xx 000 0 ara d
020 _a?417215977
040 _aGCL /
_cGCL
082 0 4 _a214.7
_bأ أ
100 1 _aوفاء ابراهيم
245 1 0 _aالاسلام والفن /
_cوفاء ابراهيم
250 _aالاولى
300 _a103 ص ؛
_c24 سم
650 0 4 _aالاسلام
650 0 4 _aالتجريدية
650 0 4 _aالفن الاسلامى
650 0 4 _aالاسلام والفن
700 1 _aاسماعيل الفاروقى
942 _2ddc
_cBK